Devinez le Département Mystère #81 - Statistiques

Statistiques générales
  • Ce quiz a été pris 188 fois
  • Le résultat moyen est 28 sur 31
Statistiques - réponses
Type de Réponse Réponse % Correct
Lettre de l'Alphabet E
100%
Lettre Trouvée A
99%
Lettre de l'Alphabet O
99%
Lettre Trouvée R
99%
Lettre de l'Alphabet I
98%
Lettre Trouvée N
98%
Lettre de l'Alphabet S
98%
Lettre de l'Alphabet D
96%
Lettre de l'Alphabet H
95%
Lettre de l'Alphabet U
93%
Lettre de l'Alphabet L
91%
Lettre Bien Placée R
91%
Lettre de l'Alphabet C
90%
Lettre de l'Alphabet B
89%
Lettre de l'Alphabet M
89%
Lettre de l'Alphabet P
89%
Lettre Trouvée T
89%
Lettre de l'Alphabet V
89%
Lettre de l'Alphabet G
88%
Lettre Bien Placée A
85%
Lettre de l'Alphabet F
85%
Lettre de l'Alphabet Y
85%
Lettre de l'Alphabet J
84%
Lettre de l'Alphabet Q
84%
Lettre de l'Alphabet K
82%
Lettre Bien Placée N
82%
Lettre Bien Placée T
82%
Département Mystère Tarn
82%
Lettre de l'Alphabet W
82%
Lettre de l'Alphabet X
82%
Lettre de l'Alphabet Z
82%
Aucun quiz correspondant
Distribution des résultats
% des personnes avec chaque résultat
Percentile par nombre de réponses
Votre historique - résultats
Vous n’avez pas pris ce quiz